| 000 | 00403nam a22001337a 4500 | ||
|---|---|---|---|
| 082 |
_a297.124 _bMAR _cL-31, P-6 |
||
| 100 |
_aMulana muhammad manzoor nomani _947079 |
||
| 245 |
_aمعارف الحدیث _cMulana muhammad manzoor nomani |
||
| 260 |
_aLahore. _bUmar farooq academy |
||
| 300 |
_a692 p. _bill. _c26 cm. |
||
| 526 |
_a0 _b0 _c0 _d297_124000000000000_MAR |
||
| 650 |
_aMCE _9379 |
||
| 942 |
_2ddc _cBK |
||
| 999 |
_c550377 _d550377 |
||